000 00566nam a2200193 i 4500
001 142532
003 ES-MaACL
005 20230906200541.0
007 t|
008 071005s1971 sp ||||1| spa d
100 1 _aWittig, Monique.
_9117187
245 1 4 _aLas guerrilleras /
_cMonique Wittig ; [traducción de Josep Elías y Juan Viñoly].
250 _a1ª ed.
260 _aBarcelona :
_bSeix Barral,
_c[1971]
300 _a140 p. ;
_c19 cm.
700 1 _aElías, Josep.
_946965
700 1 _aViñoly, Juan.
_9115398
852 _aES-MaACL
_jC-45299
_bR.77995
999 _c142532
_d142532